Perlas de la India /

Guardado en:
Autor Principal: Ferro, Beatriz.
Otros Autores: Torres, Elena; il.
Formato: Libro
Idioma:Undetermined
Publicado: Buenos Aires : Página/12, 2000.
Series:Historias fantásticas de América y el mundo ; 13
Materias:
Etiquetas: Agregar Etiqueta
Sin Etiquetas, Sea el primero en etiquetar este registro!
LEADER 00755nam a22002055a 4500
001 CEM.cems021202
008 240604s2000####ag############000#0#und#d
005 20240604154048.0
245 1 0 |a Perlas de la India /  |c Beatriz Ferro ; ilustrado por Elena Torres. 
260 |a Buenos Aires :  |b Página/12,  |c 2000. 
300 |a 32 p. 
490 1 |a Historias fantásticas de América y el mundo ;  |v 13 
505 0 |a Nala y Dayamanti. Del poema épico Mahabarata, India -- El ratón que fue muchos otros animales. Cuento popular de la India 
020 |a 987503262X 
100 1 |a Ferro, Beatriz. 
700 1 |a Torres, Elena; il. 
653 |a Mitos 
653 |a Leyendas 
653 |a Leyendas indias 
859 |a CEMS  |b BIB. CEMS - Inicial y Primaria  |h 398.2  |i F417-9  |k IP  |p 6033  |t Ej.1